Daily Capital City Riddle #5 - Statistics

General Stats
  • This quiz has been taken 121 times
  • The average score is 30 of 35
Answer Stats
Type Answer % Correct
Found Letter A
99%
Alphabet Letter N
99%
Found Letter L
98%
Found Letter R
98%
Found Letter B
97%
Found Letter D
97%
Found Letter E
97%
Alphabet Letter I
97%
Alphabet Letter O
97%
Alphabet Letter S
96%
Alphabet Letter C
94%
Found Letter G
94%
Alphabet Letter U
94%
Alphabet Letter H
91%
Alphabet Letter T
91%
Correctly Placed Letter B
90%
Alphabet Letter P
89%
Alphabet Letter W
89%
Alphabet Letter K
86%
Alphabet Letter M
86%
Alphabet Letter J
85%
Correctly Placed Letter E
84%
Alphabet Letter Y
80%
Correctly Placed Letter A
79%
Alphabet Letter V
78%
Alphabet Letter Z
73%
Correctly Placed Letter R
72%
Alphabet Letter X
71%
Correctly Placed Letter G
70%
Alphabet Letter F
69%
Correctly Placed Letter L
68%
Alphabet Letter Q
68%
Correctly Placed Letter D
67%
Correctly Placed Letter E
67%
Mystery Capital Belgrade
65%
No matching quizzes found
Score Distribution
Percent of People with Each Score
Percentile by Number Answered
Your Score History
You have not taken this quiz